A magyar ember barátja népies hetilap : I. félév, 5. havi folyam. I. kötet. [1-20. sz.] /
Elmentve itt :
| Szerző: | |
|---|---|
| Dokumentumtípus: | Kézirat |
| Megjelent: |
1865
|
| Online Access: | http://misc.bibl.u-szeged.hu/71609 |
| LEADER | 00591ntm a2200157 i 4500 | ||
|---|---|---|---|
| 001 | misc71609 | ||
| 005 | 20231110152014.0 | ||
| 008 | 230908s1865 hu o 0|| hun d | ||
| 040 | |a SZTE Miscellanea Repozitórium |b hun | ||
| 041 | |a hun | ||
| 100 | 1 | |a Márki Sándor | |
| 245 | 1 | 2 | |a A magyar ember barátja |h [elektronikus dokumentum] : |b népies hetilap : I. félév, 5. havi folyam. I. kötet. [1-20. sz.] / |c Márki Sándor |
| 260 | |c 1865 | ||
| 300 | |a 84 p. |c 17x21 cm | ||
| 561 | |a Márki Sándor hagyaték | ||
| 856 | 4 | 0 | |u http://misc.bibl.u-szeged.hu/71609/1/magyar_ember_baratja_1865.pdf |z Dokumentum-elérés |